Genre moi si tu peux n°2 - Statistiques

Statistiques générales
  • Ce quiz a été pris 73 fois
  • Le résultat moyen est 5 sur 10
Statistiques - réponses
Question Réponse % Correct
Icone Féminin
91%
Horaire Masculin
83%
Enzyme Féminin
59%
Antipodes Masculin
56%
Orbite Féminin
48%
Epitaphe Féminin
45%
Apogée Masculin
39%
Oasis Féminin
38%
Ebène Féminin
35%
Stalactique Féminin
35%
Aucun quiz correspondant
Distribution des résultats
% des personnes avec chaque résultat
Percentile par nombre de réponses
Votre historique - résultats
Vous n’avez pas pris ce quiz